000 00896nam a2200229 i 4500
001 97484
003 ES-MaACL
005 20240310062954.0
007 t|
008 050712s1980 sp ||||1| spa d
100 0 _aMarcuse, Herbert,
_d1898-1979
_976559
245 1 0 _aTeoría y política /
_cHerbert Marcuse, Jürgen Habermas; traducción del alemán de Manuel Jiménez Redondo.
260 _aValencia :
_bUniversidad de Valencia, Departamento de Lógica y Filosofía de la Ciencia,
_c1980.
300 _a73 p. ;
_c19 cm.
490 1 _aCuadernos Teorema ;
_vv. 56
700 1 _aHabermas, Jürgen.
_961376
700 1 _aJiménez Redondo, Manuel.
_966597
710 2 _aUniversidad de Valencia.
_bDepartamento de Lógica y Filosofía de la Ciencia.
_97323
830 0 _aCuadernos Teorema ;
_vv. 56
_9180999
852 _aES-MaACL
_jC-14248
_bR.100356
999 _c97484
_d97484